000 00323nam a22001097a 4500
082 _a891.433/CHA/N
100 _aचतुरसेन आचार्य
245 _aगोली
260 _aदिल्‍ली
_bराजपाल एण्‍ड संस
_c2020
650 _aउपन्‍यास
942 _cHIN
999 _c68659
_d68659